000 00766nam a2200253Ia 4500
003 OSt
005 20220928102237.0
006 a|||||r|||| 00| 0
007 ta
008 220927b |||||||| |||| 00| 0 urd d
020 _cIndian Rupees 0
024 _a145000
037 _bGift, 13/07/2021,
_cTextual
040 _aSDCL
_cSDCL
_burd
041 _2urd
_aurd
082 _aO168, Q9
100 _aZakariyya al-Razi Abu Bakr Muhammad I.
_9397355
245 0 _aKitab al-mrshid aw al-fusul
260 _aNew Delhi
_bCentral Council for Research in Unani Medicine
_c2019
300 _a150p.
_ccm.
650 _aGift
_9391569
942 _hO168, Q9
_cTEXL
_2CC
999 _c713145
_d713145